Catecismo de la Iglesia : en el marco de la Nueva Evangelización / [por] J. Tomko... [et. al.]

Guardado en:
Detalles Bibliográficos
Formato: Libro
Colección:Col. "San Pablo"
Temas:
Etiquetas: Agrega una etiqueta
Sin etiquetas, Sé el primero en etiquetar este registro!

MARC

LEADER 00000nam^a2200000^u^4500
001 000543585
005 20250521000000.0
008 060220s1000^^^^^^^^^^^^r^^^^^000^0^spa^d
009 20260310131310.139
035 |a FMI 000012553 
037 |a Acervo Xavier Clavigero 
096 |a 5.9.2/34/B 
245 0 0 |a Catecismo de la Iglesia : en el marco de la Nueva Evangelización / [por] J. Tomko... [et. al.] 
264 |a México : Ed. Paulinas, 1994 
300 |a 181 p. 
336 |a texto  |b txt  |2 rdacontenido 
337 |a sin mediación  |b n  |2 rdamedio 
338 |a volumen  |b nc  |2 rdasoporte 
440 0 |a Col. "San Pablo" 
649 |a XX 
650 |a CATEQUETICA 
910 |a Fondo Francisco Migoya Covarrubias S.J. 
920 |a Impresos - Libros 
930 |a Fondos Especiales 
905 |a 134 
901 |a SBC16970  |b IT2  |c ESP  |u 20250521 
902 |a https://opac.biblio.iteso.mx/vufind/Record/000543585